American Headway. (رقم التسجيلة. 39938)
[ عرض عادي ]
| 000 -الفاتح | |
|---|---|
| حقل البيانات ثابتة الطول | 01568cam a2200397 a 4500 |
| 001 - رقم الضبط | |
| رقم الضبط | 16687121 |
| 003 - محدد رقم الضبط | |
| رقم الضبط | OSt |
| 005 - وقت وتاريخ اخر تعامل مع التسجيلة | |
| رقم الضبط | 20161217132402.0 |
| 008 - عناصر البيانات ثابتة الطول - معلومات عامة | |
| حقل البيانات ثابتة الطول | 110310s2010 enka 000 0 eng |
| 010 ## - رقم ضبط مكتبة الكونجرس | |
| رقم ضبط مكتبة الكونجرس | 2010525622 |
| 020 ## - الرقم الدولى المعيارى للكتب | |
| الرقم الدولى المعيارى للكتاب | 9780194728652 (pbk. w/ CDROM) |
| 020 ## - الرقم الدولى المعيارى للكتب | |
| الرقم الدولى المعيارى للكتاب | 9780194729833 |
| 040 ## - مصدر الفهرسة | |
| وكالة الفهرسة الأصلية | DLC |
| وكالة النسخ | DLC |
| 042 ## - رمز التحقق | |
| رمز التحقق | pcc |
| 043 ## - رمز المنطقة الجغرافية | |
| رمز المنطقة الجغرافية | n-us--- |
| 050 00 - رقم طلب مكتبة الكونجرس | |
| رقم التصنيف | PE1128 |
| رقم المادة | .S5936 2010 |
| 082 ## - رقم تصنيف ديوى العشرى | |
| رقم الطبعة | 22 |
| رقم التصنيف | 428.24 |
| رقم المادة | SLA |
| 100 1# - المدخل الرئيسى - إسم شخصى | |
| الإسم الشخصى | Soars, Liz, |
| التواريخ المصاحبة للاسم | 1945- |
| 9 (RLIN) | 52378 |
| 245 00 - بيان العنوان | |
| العنوان | American Headway. |
| اسم جزء/قسم العمل | Student book 3 / |
| بيان المسئوليه,etc | John and Liz Soars. |
| 250 ## - بيان الطبعة | |
| بيان الطبعة | 2nd ed. |
| 260 ## - PUBLICATION, DISTRIBUTION, ETC. (IMPRINT) | |
| مكان الناشر او الموزع | New York : |
| اسم الناشر او الموزع | Oxford University Press, |
| تاريخ النشر أو التوزيع | c2010. |
| 300 ## - الوصف المادى | |
| التعداد | 3 v. : |
| تفاصيل ماديه اخرى للوعاء | col. ill. ; |
| أبعاد الوعاء | 28 cm.+ |
| المادة المصاحبة | 2 CD-ROM (4 3/4 in.) |
| 500 ## - تبصرة عامة | |
| تبصرة عامة | "Spotlight on Testing lessons by Lawrence J. Zwier." |
| 505 0# - تبصرة محتويات-الفهرس | |
| تبصرة المحتويات المصاغة | v. 1: Student book/1A -- v. 2: Workbook /1A/ Sylvia Wheeldon-- v. 3 Student /1B |
| 538 ## - تبصرة تفاصيل النظام | |
| تبصرة التفاصيل الفنية لملف الحاسب | System requirements for accompanying computer disc: Windows 2000, XP (SP2), Vista or Mac OS X.3, X.4, X.5; 24x CD-ROM drive speed. |
| 650 #0 - المدخل الاضافى بالموضوع-مصطلح موضوعى | |
| مصطلح موضوعي أو اسم جغرافي كعنصر مدخل | English language |
| التقسيم الفرعي الشكلي | Textbooks for foreign speakers. |
| 9 (RLIN) | 57088 |
| 650 #0 - المدخل الاضافى بالموضوع-مصطلح موضوعى | |
| مصطلح موضوعي أو اسم جغرافي كعنصر مدخل | English language |
| التقسيم الفرعي الجغرافي | United States |
| التقسيم الفرعي الشكلي | Problems, exercises, etc. |
| 9 (RLIN) | 52376 |
| 650 #0 - المدخل الاضافى بالموضوع-مصطلح موضوعى | |
| مصطلح موضوعي أو اسم جغرافي كعنصر مدخل | English language |
| التقسيم الفرعي العام | Grammar |
| التقسيم الفرعي الشكلي | Problems, exercises, etc. |
| 9 (RLIN) | 57089 |
| 650 #0 - المدخل الاضافى بالموضوع-مصطلح موضوعى | |
| مصطلح موضوعي أو اسم جغرافي كعنصر مدخل | Vocabulary |
| التقسيم الفرعي الشكلي | Problems, exercises, etc. |
| 9 (RLIN) | 57090 |
| 700 1# - المدخل الاضافى - اسم شخصى | |
| الإسم الشخصى | Soars, John, |
| التواريخ المصاحبة للاسم | 1951- |
| 9 (RLIN) | 52374 |
| 700 1# - المدخل الاضافى - اسم شخصى | |
| الإسم الشخصى | Zwier, Lawrence J. |
| 9 (RLIN) | 57091 |
| 700 1# - المدخل الاضافى - اسم شخصى | |
| الإسم الشخصى | Wheedon, Sylvia. |
| 9 (RLIN) | 57092 |
| 906 ## - عنصر بيانات محلى F, LDF (RLIN) | |
| a | 7 |
| b | cbc |
| c | origres |
| d | 2 |
| e | ncip |
| f | 20 |
| g | y-gencatlg |
| 942 ## - عناصر المدخل الإضافي( كوها) | |
| مصدر التصنيف او مخطط الترفيف | Dewey Decimal Classification |
| Koha [default] item type | كتاب |
| حالة الفقد | نموذج السعر الفعال | حالة تلف | ليس للاعارة | رقم الطلب | تاريخ الاكتساب | الموقع الحالي | الباركود | الفرع الرئيسي | Date last checked out | Date last seen | نوع المادة فى نظام كوها | مصدر التصنيف او خطة الترفيف | Total Checkouts |
|---|---|---|---|---|---|---|---|---|---|---|---|---|---|
| 2016-12-16 | 428.24 SLA | 2016-12-16 | المكتبة المركزية بالمجمعة (CL) | 00655327 | المكتبة المركزية بالمجمعة (CL) | 2019-09-11 | 2019-09-25 | كتاب | Dewey Decimal Classification | 1 | |||
| 2016-12-17 | 428.24 SLA | 2016-12-17 | المكتبة المركزية بالمجمعة (CL) | 00655329 | المكتبة المركزية بالمجمعة (CL) | 2016-12-17 | كتاب | Dewey Decimal Classification | |||||
| 2016-12-17 | 428.24 SLA | 2016-12-17 | مكتبة كلية التمريض - طلاب (CNM) | 00655709 | مكتبة كلية التمريض - طلاب (CNM) | 2016-12-17 | كتاب | Dewey Decimal Classification | |||||
| 2016-12-17 | 428.24 SLA | 2016-12-17 | مكتبة كلية التمريض - طلاب (CNM) | 00655710 | مكتبة كلية التمريض - طلاب (CNM) | 2017-10-30 | 2017-11-02 | كتاب | Dewey Decimal Classification | 1 | |||
| 2016-12-16 | 428.24 SLA | 2016-12-16 | مكتبة كلية العلوم و الدراسات الإنسانية برماح - طالبات (SRF) | 00655328 | مكتبة كلية العلوم و الدراسات الإنسانية برماح - طالبات (SRF) | 2016-12-16 | كتاب | Dewey Decimal Classification |
